000 00464nam a2200181 a 4500
001 1761486480560
003 ACL
005 20251026192010.0
008 251026s2003##################000#0#eng##
020 _a9780130394750
082 0 4 _a658.8700684
_bMAN
100 1 _aManley, Anthony D.,
_eauthor.
245 1 0 _aThe Retail Loss Prevention Officer :
260 _bPrentice Hall,
_c2003.
650 0 _aRetail trade.
942 _cENGLISH
040 _aACL
_beng
_cACL
999 _c594036
_d594036